[Event "EWICC 2019"]
[Site "Antalya"]
[Date "2019.04.19"]
[Round "8.51"]
[White "Utiatskaja, Irina"]
[Black "Trisha Kanyamarala"]
[Result "1/2-1/2"]
[WhiteElo "2210"]
[BlackElo "2028"]
[Annotator "NA"]
[PlyCount "56"]
[EventDate "2019.04.11"]
[EventType "swiss"]
[EventCountry "TUR"]
[SourceTitle "playchess.com"]
[Source "ChessBase"]
[SourceQuality "1"]

1. e4 c5 2. Nf3 d6 3. d4 cxd4 4. Nxd4 Nf6 5. Nc3 Nc6 6. Bg5 e6 7. Qd2 a6 8. O-O-O Bd7 9. f4 b5 10. Bxf6 gxf6 11. Kb1 b4 12. Nce2 Qb6 13. f5 e5 14. Nxc6 Bxc6 15. Ng3 h5 16. h4 Bh6 17. Qe1 Ke7 18. Nxh5 Be3 19. Rh3 Rxh5 20. Rxe3 Rxh4 21. Bc4 Rah8 22. Qe2 a5 23. g4 Rh1 24. Red3 R8h2 25. Qf3 Rh3 26. Qe2 R3h2 27. Qf3 Rh3 28. Qe2 R3h2 1/2-1/2

[Event "EWICC 2019"]
[Site "Antalya"]
[Date "2019.04.19"]
[Round "8.52"]
[White "Aghasiyeva, Fidan"]
[Black "Gokbulut, Julia"]
[Result "0-1"]
[WhiteElo "2209"]
[BlackElo "2021"]
[Annotator "NA"]
[PlyCount "128"]
[EventDate "2019.04.11"]
[EventType "swiss"]
[EventCountry "TUR"]
[SourceTitle "playchess.com"]
[Source "ChessBase"]
[SourceQuality "1"]

1. e4 c5 2. Nc3 a6 3. a4 Nc6 4. g3 g6 5. Bg2 Bg7 6. d3 d6 7. Be3 Rb8 8. Qd2 Bd7 9. Nge2 Nd4 10. Nd1 Nxe2 11. Qxe2 Qc8 12. O-O h5 13. h4 Bg4 14. f3 Bh3 15. Kh2 Bxg2 16. Kxg2 Nf6 17. Qd2 O-O 18. Bh6 b5 19. axb5 axb5 20. Nf2 Ra8 21. Bxg7 Kxg7 22. c3 Qb7 23. d4 Nd7 24. Qg5 f6 25. Qe3 cxd4 26. Qxd4 Nc5 27. Rab1 Ra4 28. b4 Rc8 29. Rfe1 Ne6 30. Qd2 Qc7 31. c4 bxc4 32. Qd5 Nd8 33. b5 Qb6 34. Re2 Rc5 35. Qd1 Ra5 36. e5 Rxe5 37. f4 Qb7+ 38. Kh2 Rxe2 39. Qxe2 d5 40. f5 gxf5 41. Qxh5 e6 42. Qe8 Qb6 43. Kh3 Nf7 44. Kg2 Ra2 45. Rf1 Qe3 46. h5 Qe4+ 47. Kg1 Qf3 48. b6 Qxg3+ 49. Kh1 Qh4+ 50. Kg1 Qg5+ 51. Kh2 Qxh5+ 52. Kg2 Qg6+ 53. Kh1 Ng5 54. Qd7+ Qf7 55. Qd6 Qh5+ 56. Kg1 Nf3+ 57. Kg2 Nh4+ 58. Kh2 Ng6+ 59. Kg1 Qg5+ 60. Kh1 Qh4+ 61. Kg1 Rb2 62. Qd7+ Kh6 63. Qxe6 Nf4 64. Qxf5 Qg3+ 0-1

[Event "EWICC 2019"]
[Site "Antalya"]
[Date "2019.04.19"]
[Round "8.53"]
[White "Palma, Maria"]
[Black "Trippold, Denise"]
[Result "0-1"]
[WhiteElo "1998"]
[BlackElo "2158"]
[Annotator "NA"]
[PlyCount "104"]
[EventDate "2019.04.11"]
[EventType "swiss"]
[EventCountry "TUR"]
[SourceTitle "playchess.com"]
[Source "ChessBase"]
[SourceQuality "1"]

1. d4 d5 2. c4 e6 3. Nc3 c6 4. e4 dxe4 5. Nxe4 Bb4+ 6. Nc3 e5 7. Be3 exd4 8. Qxd4 Qxd4 9. Bxd4 Nf6 10. O-O-O O-O 11. a3 Be7 12. h3 Be6 13. Nf3 h6 14. g4 Nbd7 15. Bxf6 Bxf6 16. Ne4 Be7 17. Nd4 Nc5 18. Nd2 Bg5 19. Kc2 Rad8 20. N2f3 Bf4 21. Be2 Bc8 22. b4 Ne4 23. Rhf1 Rfe8 24. Bd3 h5 25. Rde1 hxg4 26. hxg4 Nf6 27. g5 Ng4 28. Be4 g6 29. Kc3 Kg7 30. Re2 Ne5 31. Rfe1 Nxf3 32. Nxf3 Bg4 33. Rg1 Bf5 34. Rge1 Bg4 35. Rg1 Bxf3 36. Bxf3 Rxe2 37. Bxe2 Rd2 38. Rg4 Bxg5 39. Bd3 Bh6 40. f4 Ra2 41. Kb3 Rd2 42. Kc3 Rf2 43. f5 Bd2+ 44. Kb3 g5 45. Rd4 Bf4 46. Rd7 Rf3 47. Kc2 g4 48. Rxb7 g3 49. Be4 g2 50. Bxf3 g1=Q 51. Bxc6 Qc1+ 52. Kb3 Qd1+ 0-1

[Event "EWICC 2019"]
[Site "Antalya"]
[Date "2019.04.19"]
[Round "8.55"]
[White "Kocyigit, Buse Naz"]
[Black "Berke, Ana"]
[Result "1-0"]
[WhiteElo "1932"]
[BlackElo "2146"]
[Annotator "NA"]
[PlyCount "93"]
[EventDate "2019.04.11"]
[EventType "swiss"]
[EventCountry "TUR"]
[SourceTitle "playchess.com"]
[Source "ChessBase"]
[SourceQuality "1"]

1. e4 c5 2. Nf3 Nc6 3. d4 cxd4 4. Nxd4 e6 5. Nc3 Qc7 6. f4 a6 7. Nxc6 Qxc6 8. Bd3 b5 9. Qe2 Bb7 10. Bd2 Be7 11. a3 Nf6 12. e5 Nd5 13. Ne4 f5 14. Ng5 O-O 15. Qh5 Bxg5 16. Qxg5 Rac8 17. Rg1 Qb6 18. Ke2 Qd8 19. Qh5 Qe8 20. Qh3 d6 21. Rae1 dxe5 22. fxe5 g6 23. g3 Qc6 24. Ref1 Rf7 25. Qh6 Qc7 26. Bf4 Nxf4+ 27. gxf4 Be4 28. Rd1 Qc6 29. Rg3 a5 30. h4 Bxd3+ 31. cxd3 Qe8 32. h5 Rg7 33. hxg6 hxg6 34. Rdg1 Rh7 35. Rxg6+ Kh8 36. Rg8+ Qxg8 37. Rxg8+ Rxg8 38. Qf6+ Rgg7 39. Qxe6 Rh2+ 40. Ke3 Rxb2 41. Qxf5 b4 42. axb4 axb4 43. e6 b3 44. Qf8+ Kh7 45. e7 Rg3+ 46. Kd4 Rd2 47. Qf5+ 1-0

[Event "EWICC 2019"]
[Site "Antalya"]
[Date "2019.04.19"]
[Round "8.56"]
[White "Hapala, Elisabeth"]
[Black "Ferkova, Dominika"]
[Result "1/2-1/2"]
[WhiteElo "2140"]
[BlackElo "1993"]
[Annotator "NA"]
[PlyCount "150"]
[EventDate "2019.04.11"]
[EventType "swiss"]
[EventCountry "TUR"]
[SourceTitle "playchess.com"]
[Source "ChessBase"]
[SourceQuality "1"]

1. e4 c6 2. Nc3 d5 3. Nf3 Bg4 4. h3 Bxf3 5. Qxf3 e6 6. d4 dxe4 7. Qxe4 Nf6 8. Qd3 Be7 9. g3 O-O 10. Bg2 Nbd7 11. O-O Nd5 12. Nd1 c5 13. c4 Nb4 14. Qb3 a5 15. a3 a4 16. Qf3 Nc2 17. Rb1 Nxd4 18. Qxb7 Rb8 19. Qe4 Nb6 20. Nc3 f5 21. Qd3 Nb3 22. Qe2 Nd4 23. Qd1 Qd7 24. Bf4 Rbd8 25. Re1 Bf6 26. Qd3 Rfe8 27. Bc1 Qa7 28. Bf1 e5 29. Qd1 e4 30. Nd5 Nxd5 31. cxd5 Nf3+ 32. Kg2 Nxe1+ 33. Qxe1 Kh8 34. Bc4 Bd4 35. Bg5 Rb8 36. Qe2 Be5 37. Bb5 Rf8 38. Bc6 h6 39. Be3 Rb3 40. Qc4 Bd4 41. Bxa4 Rbb8 42. Bf4 Rxb2 43. Rxb2 Bxb2 44. d6 Ra8 45. Bc6 Rd8 46. a4 Qa5 47. d7 Bd4 48. Qe6 Qe1 49. Qa2 c4 50. a5 c3 51. a6 e3 52. fxe3 Qd2+ 53. Qxd2 cxd2 54. Bf3 Ba7 55. Bd1 Rxd7 56. Kf2 Re7 57. h4 Re6 58. Ke2 Rxa6 59. Kxd2 Ra2+ 60. Kd3 Ra3+ 61. Ke2 Kh7 62. Kf3 Kg6 63. Bc2 Kh5 64. Bxf5 g5 65. hxg5 hxg5 66. Bg4+ Kg6 67. Bd6 Rxe3+ 68. Kg2 Rd3 69. Bc7 Bc5 70. Be5 Bd6 71. Bxd6 Rxd6 72. Kh3 Rd2 73. Bc8 Rd4 74. Bb7 g4+ 75. Kh4 Rb4 1/2-1/2

[Event "EWICC 2019"]
[Site "Antalya"]
[Date "2019.04.19"]
[Round "8.57"]
[White "Duran, Esma Doga"]
[Black "Koljevic, Nikolina"]
[Result "1/2-1/2"]
[WhiteElo "2131"]
[BlackElo "1917"]
[Annotator "NA"]
[PlyCount "88"]
[EventDate "2019.04.11"]
[EventType "swiss"]
[EventCountry "TUR"]
[SourceTitle "playchess.com"]
[Source "ChessBase"]
[SourceQuality "1"]

1. d4 d5 2. c4 e6 3. Nf3 c5 4. cxd5 exd5 5. Nc3 Nc6 6. g3 Nf6 7. Bg2 Be7 8. O-O O-O 9. Bg5 cxd4 10. Nxd4 h6 11. Be3 Bg4 12. Qa4 Na5 13. Rad1 Nc4 14. Bc1 Nb6 15. Qb5 Rc8 16. Qd3 Qd7 17. b3 Bb4 18. Bb2 Rfe8 19. f3 Bh3 20. a3 Bc5 21. e4 Re5 22. Rfe1 Bxg2 23. Kxg2 Rce8 24. Nc2 R5e7 25. b4 Bd6 26. Nxd5 Nfxd5 27. exd5 Rxe1 28. Nxe1 Be5 29. Bc1 Rd8 30. Qe4 Nxd5 31. Qxe5 Ne3+ 32. Bxe3 Qxd1 33. Bc5 Rd2+ 34. Bf2 Re2 35. Qb8+ Kh7 36. Qxb7 Qxe1 37. Qxa7 Qd2 38. Qc5 Qb2 39. b5 Re5 40. Qa7 Qxb5 41. Qxf7 Re2 42. Qa7 Ra2 43. g4 Qe2 44. Qc5 Qd3 1/2-1/2

[Event "EWICC 2019"]
[Site "Antalya"]
[Date "2019.04.19"]
[Round "8.58"]
[White "Anacoglu, Cisel"]
[Black "Teuschler, Barbara"]
[Result "0-1"]
[WhiteElo "1958"]
[BlackElo "2180"]
[Annotator "NA"]
[PlyCount "108"]
[EventDate "2019.04.11"]
[EventType "swiss"]
[EventCountry "TUR"]
[SourceTitle "playchess.com"]
[Source "ChessBase"]
[SourceQuality "1"]

1. e4 e5 2. Nf3 Nc6 3. Bb5 a6 4. Ba4 Nf6 5. O-O Be7 6. Re1 b5 7. Bb3 d6 8. c3 O-O 9. h3 Na5 10. Bc2 c5 11. d4 Qc7 12. d5 Bd7 13. b3 Nb7 14. Nbd2 Rfc8 15. Nf1 c4 16. Bd2 cxb3 17. axb3 b4 18. c4 a5 19. g4 g6 20. Ng3 Nc5 21. Kg2 Rcb8 22. Rb1 Ra7 23. g5 Ne8 24. Nh2 a4 25. Ng4 axb3 26. Nh6+ Kg7 27. Nh5+ Kf8 28. Qf3 f6 29. gxf6 Bd8 30. f7 Ng7 31. Nxg7 bxc2 32. Rb2 Ra3 33. Re3 Bg5 34. Ne8 Bxe8 35. fxe8=Q+ Kxe8 36. Rxa3 Bxd2 37. Rxc2 Bxh6 38. Ra1 Bf4 39. Rca2 Kf7 40. Ra7 Rb7 41. Ra8 Kg7 42. h4 Qe7 43. Qg4 b3 44. h5 Qg5 45. Qxg5 Bxg5 46. hxg6 hxg6 47. f3 b2 48. Rb1 Bc1 49. Ra2 Rb4 50. f4 Nxe4 51. fxe5 Nc3 52. Rbxb2 Rxb2+ 53. Rxb2 Bxb2 54. exd6 Kf6 0-1

[Event "EWICC 2019"]
[Site "Antalya"]
[Date "2019.04.19"]
[Round "8.59"]
[White "Sade, Defne"]
[Black "Hereklioglu, Sude"]
[Result "0-1"]
[WhiteElo "2013"]
[BlackElo "1948"]
[Annotator "NA"]
[PlyCount "80"]
[EventDate "2019.04.11"]
[EventType "swiss"]
[EventCountry "TUR"]
[SourceTitle "playchess.com"]
[Source "ChessBase"]
[SourceQuality "1"]

1. e4 c5 2. Nf3 d6 3. Bb5+ Nd7 4. O-O a6 5. Bd3 b5 6. Re1 Ngf6 7. c4 Rb8 8. cxb5 axb5 9. a4 bxa4 10. Rxa4 Bb7 11. Nc3 e5 12. Bc4 Nb6 13. Bb5+ Nfd7 14. Ra1 Be7 15. d3 O-O 16. Bd2 f5 17. exf5 Rxf5 18. Ne4 h6 19. Ba5 Bd5 20. Bc4 Qf8 21. b3 Kh8 22. Qe2 g5 23. Bxd5 Nxd5 24. Ng3 Nf4 25. Qe4 Rf7 26. Bc7 Nf6 27. Qc6 Rc8 28. Ra7 Bd8 29. Rea1 Rfxc7 30. Rxc7 Bxc7 31. Nf5 N6d5 32. g4 Ne7 33. Nxe7 Qxe7 34. Ra7 Qd8 35. Nxe5 dxe5 36. Qxh6+ Kg8 37. Ra6 Qe7 38. Rg6+ Nxg6 39. Qxg6+ Kh8 40. Qh6+ Qh7 0-1

[Event "EWICC 2019"]
[Site "Antalya"]
[Date "2019.04.19"]
[Round "8.60"]
[White "Ilyuchyk, Yana"]
[Black "Tanir, Simay"]
[Result "1-0"]
[WhiteElo "2152"]
[BlackElo "1361"]
[Annotator "NA"]
[PlyCount "59"]
[EventDate "2019.04.11"]
[EventType "swiss"]
[EventCountry "TUR"]
[SourceTitle "playchess.com"]
[Source "ChessBase"]
[SourceQuality "1"]

1. e4 e6 2. d4 d5 3. exd5 exd5 4. Nf3 Bg4 5. h3 Bh5 6. Qe2+ Ne7 7. g4 Bg6 8. Ne5 f6 9. Nxg6 hxg6 10. Bg2 Nbc6 11. Be3 Qd7 12. Nc3 O-O-O 13. O-O-O Na5 14. Bf4 Nc4 15. b3 Nb6 16. Nb5 Nc6 17. Bxc7 Re8 18. Qf1 Na8 19. Bg3 a6 20. Nc3 Ba3+ 21. Kb1 Nb4 22. Na4 Qd8 23. c3 Nc6 24. Qd3 Nb6 25. Nxb6+ Qxb6 26. Bxd5 a5 27. Qc4 Kd7 28. Rde1 Ne7 29. Be6+ Kd8 30. Qa4 1-0

[Event "EWICC 2019"]
[Site "Antalya"]
[Date "2019.04.19"]
[Round "8.61"]
[White "Chan, Naruna"]
[Black "Nemcova, Karin"]
[Result "1-0"]
[WhiteElo "2004"]
[BlackElo "2066"]
[Annotator "NA"]
[PlyCount "65"]
[EventDate "2019.04.11"]
[EventType "swiss"]
[EventCountry "TUR"]
[SourceTitle "playchess.com"]
[Source "ChessBase"]
[SourceQuality "1"]

1. e4 c5 2. c3 Nf6 3. e5 Nd5 4. Nf3 Nc6 5. d4 cxd4 6. cxd4 d6 7. Bc4 dxe5 8. Nxe5 e6 9. O-O Be7 10. Nd2 Bf6 11. Ndf3 O-O 12. Nxc6 bxc6 13. Qe2 Qb6 14. Rd1 Rd8 15. Bd3 Rb8 16. Qe4 g6 17. h4 c5 18. Ne5 Bg7 19. Qf3 f6 20. Nc4 Qc7 21. h5 cxd4 22. hxg6 hxg6 23. Qg4 Ne7 24. Bd2 e5 25. Qg3 Kf7 26. Ba5 Qd7 27. Bxd8 Qxd8 28. Rac1 Be6 29. b3 Bd5 30. Re1 Qd7 31. f4 Bh6 32. fxe5 Bxc1 33. exf6 1-0

[Event "EWICC 2019"]
[Site "Antalya"]
[Date "2019.04.19"]
[Round "8.63"]
[White "Catal, Uktenur"]
[Black "Oz, Irem Ezra"]
[Result "1-0"]
[WhiteElo "1820"]
[BlackElo "1687"]
[Annotator "NA"]
[PlyCount "123"]
[EventDate "2019.04.11"]
[EventType "swiss"]
[EventCountry "TUR"]
[SourceTitle "playchess.com"]
[Source "ChessBase"]
[SourceQuality "1"]

1. d4 d5 2. c4 c6 3. Nf3 Nf6 4. e3 Bf5 5. Nc3 e6 6. Bd3 Bg6 7. O-O Nbd7 8. b3 Bd6 9. Bb2 Ne4 10. Qc2 Nxc3 11. Bxc3 Bxd3 12. Qxd3 Nf6 13. Bb2 O-O 14. Rad1 Rc8 15. Qe2 Qc7 16. h3 Ne4 17. Nd2 Nxd2 18. Rxd2 f5 19. Rfd1 Qe7 20. f3 Qh4 21. f4 Qe7 22. c5 Bc7 23. b4 b5 24. Bc3 Ra8 25. a4 Rfb8 26. axb5 Rxb5 27. Ra2 a5 28. Rda1 Ra6 29. bxa5 Qd8 30. Rb2 Qb8 31. Rxb5 Qxb5 32. Qxb5 cxb5 33. Rb1 Kf7 34. Rxb5 Ke7 35. Kf1 Kd7 36. Ke2 Kc6 37. Rb2 Ra7 38. Kf3 Bxa5 39. Bxa5 Rxa5 40. Rb6+ Kd7 41. Rb7+ Kc6 42. Rxg7 Ra8 43. Rxh7 Re8 44. g4 fxg4+ 45. hxg4 Rg8 46. g5 Re8 47. Kg4 Kb5 48. g6 Kc6 49. Kg5 Kb5 50. g7 Rg8 51. Kf6 Kc6 52. Kf7 Rxg7+ 53. Rxg7 Kd7 54. Kf6+ Kc6 55. Kxe6 Kb5 56. Kxd5 Ka5 57. c6 Kb6 58. Kd6 Ka6 59. Rb7 Ka5 60. c7 Ka6 61. c8=Q Ka5 62. Qa8# 1-0

[Event "EWICC 2019"]
[Site "Antalya"]
[Date "2019.04.19"]
[Round "8.64"]
[White "Demirtas, Hafize"]
[Black "Makka, Ioulia"]
[Result "1-0"]
[WhiteElo "1888"]
[BlackElo "2121"]
[Annotator "NA"]
[PlyCount "169"]
[EventDate "2019.04.11"]
[EventType "swiss"]
[EventCountry "TUR"]
[SourceTitle "playchess.com"]
[Source "ChessBase"]
[SourceQuality "1"]

1. e4 c6 2. d4 d5 3. exd5 cxd5 4. Bd3 Nc6 5. c3 Nf6 6. Bf4 g6 7. Nf3 Bg7 8. Nbd2 Nh5 9. Be3 O-O 10. Nb3 Na5 11. Nxa5 Qxa5 12. Qd2 Re8 13. O-O Bd7 14. a4 Qc7 15. Rfe1 f6 16. Bc2 Bh8 17. Bb3 Be6 18. h3 Bf7 19. g4 Ng7 20. Bf4 Qb6 21. Ra3 a5 22. Bd1 Qd8 23. Be2 Ne6 24. Bg3 Nc7 25. Bd3 Bg7 26. Re2 Bf8 27. Ra1 Qd7 28. Nh2 Rec8 29. f4 Ne8 30. Qc2 Nd6 31. f5 g5 32. Nf3 h5 33. Qd2 h4 34. Bh2 Bg7 35. Rae1 Re8 36. Ne5 Qxa4 37. Nxf7 Kxf7 38. Bxd6 exd6 39. Re6 Rxe6 40. fxe6+ Ke7 41. Bc2 Qb5 42. Qd3 Qxd3 43. Bxd3 Bf8 44. Bf5 b6 45. Kf2 Kd8 46. Bc2 a4 47. Ra1 Ke7 48. Bf5 b5 49. Ke3 Rc8 50. Kd2 Rc7 51. Re1 Ra7 52. Kc2 Kd8 53. Bd3 Rb7 54. Bf1 b4 55. Ra1 Ke7 56. c4 Rc7 57. Rxa4 Kxe6 58. Kb3 dxc4+ 59. Bxc4+ d5 60. Bd3 Rc6 61. Ra1 Be7 62. Bh7 Kd6 63. Bd3 Rb6 64. Ra5 Kc6 65. Bg6 Rb8 66. Bf7 Rd8 67. Ra7 Bd6 68. Ra5 Be7 69. Ra7 Bd6 70. Bg6 Kb6 71. Rf7 Rf8 72. Rd7 Kc6 73. Ra7 Kb6 74. Ra1 Kb7 75. Ra5 Kc6 76. Ka4 Be7 77. Ra6+ Kc7 78. Ra7+ Kd8 79. Kb5 Kc8 80. Rxe7 Kd8 81. Ra7 b3 82. Kc6 f5 83. Ra8+ Ke7 84. Rxf8 Kxf8 85. Bxf5 1-0

[Event "EWICC 2019"]
[Site "Antalya"]
[Date "2019.04.20"]
[Round "9.1"]
[White "Gaponenko, Inna"]
[Black "Kashlinskaya, Alina"]
[Result "1-0"]
[WhiteElo "2428"]
[BlackElo "2477"]
[Annotator "ChessBase"]
[PlyCount "77"]
[EventDate "2019.04.11"]
[EventType "swiss"]
[EventCountry "TUR"]
[SourceTitle "playchess.com"]
[Source "ChessBase"]
[SourceQuality "1"]

1. e4 e6 2. d4 d5 3. Nd2 c5 4. exd5 Qxd5 5. Ngf3 cxd4 6. Bc4 Qd7 7. O-O Nc6 8. Nb3 a6 9. Nbxd4 Nxd4 10. Qxd4 Qxd4 11. Nxd4 Nf6 12. Be2 e5 13. Nb3 Be6 14. Rd1 Be7 15. Bf3 Rb8 16. Bd2 e4 17. Be2 O-O 18. Nd4 Bg4 19. Bxg4 Nxg4 20. Bf4 Rbd8 21. h3 Bf6 22. hxg4 Bxd4 23. c3 Bb6 24. Rxd8 Rxd8 25. Re1 f6 26. Kf1 g5 27. Bc1 Re8 28. f3 e3 29. Ke2 Kf7 30. Rd1 Kg6 31. Rd7 h5 32. gxh5+ Kxh5 33. Rh7+ Kg6 34. Rxb7 Re6 35. g4 f5 36. gxf5+ Kxf5 37. b4 Rc6 38. a4 Kf4 39. Rxb6 1-0

[Event "EWICC 2019"]
[Site "Antalya"]
[Date "2019.04.20"]
[Round "9.2"]
[White "Sebag, Marie"]
[Black "Khotenashvili, Bela"]
[Result "1-0"]
[WhiteElo "2461"]
[BlackElo "2479"]
[Annotator "ChessBase"]
[PlyCount "165"]
[EventDate "2019.04.11"]
[EventType "swiss"]
[EventCountry "TUR"]
[SourceTitle "playchess.com"]
[Source "ChessBase"]
[SourceQuality "1"]

1. e4 e5 2. Nf3 Nc6 3. Bb5 a6 4. Ba4 Nf6 5. O-O Nxe4 6. d4 b5 7. Bb3 d5 8. dxe5 Be6 9. Qe2 Nc5 10. Rd1 Nxb3 11. cxb3 Be7 12. Nc3 O-O 13. h3 Qd7 14. Be3 f6 15. exf6 Rxf6 16. Ng5 Rf5 17. Nxe6 Qxe6 18. Bf4 Qf7 19. Bxc7 Bc5 20. Bg3 Re8 21. Qd2 Rf8 22. Rf1 Nd4 23. b4 Bb6 24. Rae1 Rh5 25. Qd3 Nc6 26. a3 Rf5 27. Qd2 h6 28. Kh2 Kh8 29. Rd1 Nd4 30. Ne2 Ne6 31. f4 Ng5 32. fxg5 Rxf1 33. Rxf1 Qxf1 34. gxh6 Qf5 35. Qc3 Rf7 36. hxg7+ Kg8 37. Qc6 Qe4 38. Qxb6 Qxe2 39. Qb8+ Kxg7 40. Be5+ Kg6 41. Qg8+ Kh6 42. Qxf7 Qxe5+ 43. Kg1 d4 44. Qf2 Qe4 45. Qd2+ Kg6 46. g4 Qe5 47. Qd3+ Kg7 48. Kg2 Qf4 49. Qe2 Qd6 50. Qd2 Qd5+ 51. Kf2 Qe5 52. Kf3 Qd5+ 53. Kf4 Kf6 54. Qd3 Qe5+ 55. Kf3 Qd5+ 56. Kf2 Kg7 57. h4 Qd8 58. Kf3 Qd5+ 59. Kf4 Qd6+ 60. Ke4 Qg6+ 61. Kxd4 Qd6+ 62. Kc3 Qc6+ 63. Kd2 Qh6+ 64. Qe3 Qxh4 65. Qd4+ Kf7 66. Qd7+ Kf8 67. Qf5+ Kg7 68. Qf4 Qd8+ 69. Ke3 Qe7+ 70. Kd4 Qa7+ 71. Kd5 Qd7+ 72. Kc5 Qe7+ 73. Kb6 Qe6+ 74. Kb7 Qd5+ 75. Kxa6 Qc6+ 76. Ka5 Qd5 77. Qc7+ Kg8 78. Qb8+ Kg7 79. Qxb5 Qa8+ 80. Qa6 Qd8+ 81. Qb6 Qa8+ 82. Kb5 Qd5+ 83. Qc5 1-0

[Event "EWICC 2019"]
[Site "Antalya"]
[Date "2019.04.20"]
[Round "9.3"]
[White "Ushenina, Anna"]
[Black "Tsolakidou, Stavroula"]
[Result "1/2-1/2"]
[WhiteElo "2432"]
[BlackElo "2429"]
[Annotator "NA"]
[PlyCount "69"]
[EventDate "2019.04.11"]
[EventType "swiss"]
[EventCountry "TUR"]
[SourceTitle "playchess.com"]
[Source "ChessBase"]
[SourceQuality "1"]

1. Nf3 Nf6 2. c4 e6 3. g3 a6 4. Bg2 b5 5. b3 Bb7 6. Nc3 Bb4 7. Qc2 bxc4 8. bxc4 c5 9. O-O O-O 10. Rb1 Bc6 11. d3 d6 12. a3 Ba5 13. Bf4 Qc7 14. Rfd1 Nbd7 15. Ng5 Bxg2 16. Kxg2 Qc6+ 17. Kg1 Rab8 18. Nf3 Bc7 19. Qa4 Qa8 20. Bd2 Nb6 21. Qc2 Qc6 22. Nh4 Rb7 23. Ng2 Rfb8 24. Rb2 h6 25. Rdb1 Nbd7 26. Qa4 Qxa4 27. Nxa4 Rxb2 28. Rxb2 Rxb2 29. Nxb2 Ne5 30. Kf1 Kf8 31. h3 Nfd7 32. Bc3 Bd8 33. f4 Nc6 34. e3 Bb6 35. Ke2 1/2-1/2

[Event "EWICC 2019"]
[Site "Antalya"]
[Date "2019.04.20"]
[Round "9.4"]
[White "Paehtz, Elisabeth"]
[Black "Zawadzka, Jolanta"]
[Result "1-0"]
[WhiteElo "2456"]
[BlackElo "2418"]
[Annotator "ChessBase"]
[PlyCount "55"]
[EventDate "2019.04.11"]
[EventType "swiss"]
[EventCountry "TUR"]
[SourceTitle "playchess.com"]
[Source "ChessBase"]
[SourceQuality "1"]

1. Nf3 d5 2. e3 Nf6 3. c4 e6 4. Nc3 a6 5. b3 c5 6. Bb2 Nc6 7. cxd5 Nxd5 8. Qc2 f6 9. a3 Nxc3 10. Bxc3 e5 11. Bd3 g6 12. h4 Qe7 13. Be4 Be6 14. Qb2 Rc8 15. O-O Bg7 16. d4 cxd4 17. exd4 Nxd4 18. Bxd4 exd4 19. Rae1 Rd8 20. Bd3 Rd6 21. Bc4 Kd7 22. Bxe6+ Rxe6 23. Qxd4+ Qd6 24. Rxe6 Kxe6 25. Qc4+ Qd5 26. Qc7 Bh6 27. Re1+ Kf5 28. Nh2 1-0

[Event "EWICC 2019"]
[Site "Antalya"]
[Date "2019.04.20"]
[Round "9.5"]
[White "Salimova, Nurgyul"]
[Black "Atalik, Ekaterina"]
[Result "0-1"]
[WhiteElo "2415"]
[BlackElo "2455"]
[Annotator "ChessBase"]
[PlyCount "98"]
[EventDate "2019.04.11"]
[EventType "swiss"]
[EventCountry "TUR"]
[SourceTitle "playchess.com"]
[Source "ChessBase"]
[SourceQuality "1"]

1. e4 e5 2. Nf3 Nc6 3. Bc4 Bc5 4. O-O Nf6 5. d3 d6 6. c3 O-O 7. a4 a5 8. Bg5 Ba7 9. Na3 Ne7 10. Nh4 Kh8 11. Qb3 Qe8 12. Nb5 Bb8 13. f4 Ng4 14. fxe5 Nxe5 15. Nd4 f6 16. Bd2 N7c6 17. Nxc6 bxc6 18. Qc2 Qh5 19. Nf3 Nxc4 20. dxc4 Qc5+ 21. Nd4 Qxc4 22. b3 Qc5 23. Be3 Bd7 24. Rae1 Qh5 25. Nf5 Ba7 26. Bxa7 Rxa7 27. Re3 Qe8 28. Qf2 Rb7 29. c4 g6 30. Nh4 Kg7 31. Kh1 Qe5 32. Nf3 Qc5 33. Qd2 Rbb8 34. Nd4 Rbe8 35. Rf4 Re7 36. Rg3 Kh8 37. Qf2 Qe5 38. Rgf3 Kg7 39. h3 c5 40. Nc2 Bc6 41. Re3 Rfe8 42. Re1 Qb2 43. Re2 Rxe4 44. Rfxe4 Rxe4 45. Ne3 Qxb3 46. Qg3 Kf7 47. Qe1 Qd3 48. Qf2 Re6 49. Re1 Qd4 0-1

[Event "EWICC 2019"]
[Site "Antalya"]
[Date "2019.04.20"]
[Round "9.6"]
[White "Pogonina, Natalija"]
[Black "Guseva, Marina"]
[Result "1/2-1/2"]
[WhiteElo "2455"]
[BlackElo "2404"]
[Annotator "ChessBase"]
[PlyCount "112"]
[EventDate "2019.04.11"]
[EventType "swiss"]
[EventCountry "TUR"]
[SourceTitle "playchess.com"]
[Source "ChessBase"]
[SourceQuality "1"]

1. d4 d5 2. c4 c6 3. Nf3 Nf6 4. e3 Bg4 5. h3 Bxf3 6. Qxf3 e6 7. Bd3 Bb4+ 8. Bd2 Bxd2+ 9. Nxd2 O-O 10. O-O Nbd7 11. Qe2 Qe7 12. Rac1 dxc4 13. Nxc4 e5 14. dxe5 Nxe5 15. Nxe5 Qxe5 16. Bc4 Rad8 17. Rfd1 Qe7 18. Bb3 g6 19. Qc2 a6 20. a3 Qe5 21. Ba2 Kg7 22. Qb3 Qe7 23. Qc3 h5 24. Bb3 Kh7 25. Qa5 Kg7 26. Qc3 Rfe8 27. Qa5 Ne4 28. Bc2 Nf6 29. Bb3 Ne4 30. Bc2 Nf6 31. Bb3 h4 32. Bc2 Nh7 33. Qb6 Ng5 34. b4 Ne6 35. Bb3 Ng5 36. Rd4 Rxd4 37. Qxd4+ Qf6 38. Rd1 Ne4 39. Qxf6+ Nxf6 40. Kf1 Kf8 41. Ke2 Ke7 42. Rd4 Rh8 43. a4 Rh7 44. a5 Ne8 45. Re4+ Kd7 46. Rf4 Nd6 47. e4 Ke7 48. e5 Nf5 49. Bc2 Ng7 50. Bb3 Ne6 51. Bxe6 Kxe6 52. Rd4 Rh8 53. f4 Rc8 54. Kf3 Ke7 55. Kg4 Rh8 56. Rd6 Rh7 1/2-1/2

[Event "EWICC 2019"]
[Site "Antalya"]
[Date "2019.04.20"]
[Round "9.7"]
[White "Socko, Monika"]
[Black "Caglar, Sila"]
[Result "1-0"]
[WhiteElo "2447"]
[BlackElo "2140"]
[Annotator "NA"]
[PlyCount "55"]
[EventDate "2019.04.11"]
[EventType "swiss"]
[EventCountry "TUR"]
[SourceTitle "playchess.com"]
[Source "ChessBase"]
[SourceQuality "1"]

1. d4 d5 2. c4 e6 3. Nf3 Bb4+ 4. Bd2 Bxd2+ 5. Nbxd2 Nf6 6. g3 O-O 7. Bg2 b6 8. O-O Bb7 9. Qc2 Nbd7 10. c5 bxc5 11. dxc5 c6 12. b4 a5 13. a3 e5 14. e4 Qc7 15. exd5 Nxd5 16. Ng5 N7f6 17. Rab1 axb4 18. axb4 h6 19. Nge4 Nxe4 20. Nxe4 Ra3 21. Nd6 Ba6 22. Bxd5 cxd5 23. b5 Bc8 24. b6 Qb8 25. Nxc8 Qxc8 26. c6 d4 27. b7 Qc7 28. Qb2 1-0

[Event "EWICC 2019"]
[Site "Antalya"]
[Date "2019.04.20"]
[Round "9.9"]
[White "Bodnaruk, Anastasia"]
[Black "Danielian, Elina"]
[Result "1-0"]
[WhiteElo "2427"]
[BlackElo "2413"]
[Annotator "NA"]
[PlyCount "103"]
[EventDate "2019.04.11"]
[EventType "swiss"]
[EventCountry "TUR"]
[SourceTitle "playchess.com"]
[Source "ChessBase"]
[SourceQuality "1"]

1. e4 c6 2. d4 d5 3. e5 Bf5 4. Nf3 e6 5. Be2 Nd7 6. O-O h6 7. c3 a6 8. Re1 Ne7 9. Nbd2 c5 10. Nf1 cxd4 11. Nxd4 Bg6 12. Bd3 Bxd3 13. Qxd3 g6 14. Qg3 Qc7 15. h4 Bg7 16. Bf4 Nc5 17. Nd2 Rc8 18. c4 O-O 19. Rac1 Qd7 20. Red1 Rfd8 21. b4 Na4 22. c5 b6 23. Qa3 b5 24. Rc2 Kh7 25. Qd3 Qc7 26. N2f3 Kh8 27. g4 Rg8 28. Kh2 Qd8 29. Qe3 Kh7 30. Bg5 Rf8 31. Bf6 Bxf6 32. exf6 Nc6 33. Nxc6 Rxc6 34. Nd4 Rc8 35. g5 Re8 36. Nf3 h5 37. Ne5 Qc7 38. Re2 Red8 39. Rd4 Ra8 40. Kg2 Re8 41. Rd3 Rad8 42. Qd4 Rf8 43. Rf3 Rde8 44. Nd3 Qd7 45. Re5 Rc8 46. Nf4 Rc6 47. Nxh5 gxh5 48. Qd3+ Kh8 49. g6 fxg6 50. Qxg6 Qh7 51. Rxh5 Rc7 52. f7 1-0